Christmas stories from "Household words" and "All the year round" / (Record no. 79714)
[ view plain ]
| 000 -LEADER | |
|---|---|
| fixed length control field | 01014nam a2200217 a 4500 |
| 001 - CONTROL NUMBER | |
| control field | 79714 |
| 003 - CONTROL NUMBER IDENTIFIER | |
| rucl marc code | BD-RjUL |
| 005 - DATE AND TIME OF LATEST TRANSACTION | |
| control field | 20220418121433.0 |
| 008 - FIXED-LENGTH DATA ELEMENTS--GENERAL INFORMATION | |
| fixed length control field | 220418s187u enkaf 000 1 eng c |
| 035 ## - SYSTEM CONTROL NUMBER | |
| System control number | (BD-RjUL)79714 |
| 040 ## - CATALOGING SOURCE | |
| Original cataloging agency | BD-RjUL |
| Language of cataloging | eng |
| Transcribing agency | BD-RjUL |
| 041 ## - LANGUAGE CODE | |
| Language code of text/sound track or separate title | eng |
| 082 ## - DEWEY DECIMAL CLASSIFICATION NUMBER | |
| Edition number | 23 |
| Classification number | 823 |
| Author mark and year | DIC |
| 100 1# - MAIN ENTRY--PERSONAL NAME | |
| Personal name | Dickens, Charles, |
| Dates associated with a name | 1812-1870. |
| 9 (RLIN) | 2265 |
| 245 10 - TITLE STATEMENT | |
| Title | Christmas stories from "Household words" and "All the year round" / |
| Statement of responsibility, etc. | by Charles Dickens ; with illustrations. |
| 260 ## - PUBLICATION, DISTRIBUTION, ETC. (IMPRINT) | |
| Place of publication, distribution, etc. | London : |
| Name of publisher, distributor, etc. | Chapman and Hall, |
| Date of publication, distribution, etc. | [187-?] |
| 300 ## - PHYSICAL DESCRIPTION | |
| Pagination | 709 p., [14] leaves of plates : |
| Illustrations | ill., front. ; |
| Size | 23 cm. |
| 505 0# - FORMATTED CONTENTS NOTE | |
| Formatted contents note | Seven poor travellers.--The holly-tree.--The wreck of the Golden Mary.--The perils of certain English prisoners.--Going into society.--The haunted house.--A message from the sea.--Tom Tiddler's ground.--Somebody's luggage.--Mrs Lirriper's lodgings--Mrs Lirriper's legacy.--Doctor Marigold.--Two ghost stories.--Mugby Junction.--No thoroughfare. |
| 650 ## - SUBJECT ADDED ENTRY--TOPICAL TERM | |
| Topical term or geographic name as entry element | English fiction |
| 942 ## - ADDED ENTRY ELEMENTS (KOHA) | |
| Source of classification or shelving scheme | Dewey Decimal Classification |
| Koha item type | Books |
| Lost status | Source of classification or shelving scheme | Damaged status | Not for loan | Collection code | Permanent Location | Current Location | Shelving location | Date acquired | Source of acquisition | Cost, normal purchase price | Total Checkouts | Full call number | Date last seen | Copy number | Koha item type |
|---|---|---|---|---|---|---|---|---|---|---|---|---|---|---|---|
| Dewey Decimal Classification | Not For Loan | Non-fiction | Central Library, University of Rajshahi | Central Library, University of Rajshahi | Reading Room | 20/11/1956 | B.H. Blackeell ltd. | 14.00 | 823 DIC | 18/04/2022 | C-1 | Books |